LIBRARY & INFORMATION CENTRE, KCAET, TAVANUR

ONLINE PUBLIC ACCESS CATALOGUE (OPAC)

Nadodi pattukal, Vol 1 / (Record no. 6170)

MARC details
000 -LEADER
fixed length control field 00427cam a2200169ua 4500
041 ## - LANGUAGE CODE
Language code of text/sound track or separate title mal
082 ## - DEWEY DECIMAL CLASSIFICATION NUMBER
Classification number 894.8121
Item number GOV/NA
100 ## - MAIN ENTRY--AUTHOR NAME
Personal name Govindankutty, Thamattatt .
245 00 - TITLE STATEMENT
Title Nadodi pattukal, Vol 1 /
260 ## - PUBLICATION, DISTRIBUTION, ETC. (IMPRINT)
Place of publication Calicut :
Name of publisher P K Brothers ,
Year of publication 1960.
300 ## - PHYSICAL DESCRIPTION
Number of Pages 235 ; .
942 ## - ADDED ENTRY ELEMENTS (KOHA)
Koha item type Books
Holdings
Withdrawn status Lost status Damaged status Home library Current library Date acquired Full call number Accession Number Koha item type
Withdrawn     KAUAET Malayalam University 07/04/2012 894.8121 442 Books
free website counter